logo

Bir Sreshtho Munshi Abdur Rouf Library
Jhenaidah Cadet College

বিবর্ণ তুষার / (Record no. 165)

MARC details
000 -LEADER
fixed length control field 00653nam a2200217 a 4500
001 - CONTROL NUMBER
JCCL Control Number 165
003 - CONTROL NUMBER IDENTIFIER
JCCL marc code BD-JhCC
005 - DATE AND TIME OF LATEST TRANSACTION
control field 20221107134024.0
008 - FIXED-LENGTH DATA ELEMENTS--GENERAL INFORMATION
fixed length control field 171001s19932014xxu |||| || | 00| f ben d
035 ## - SYSTEM CONTROL NUMBER
system control number (BD-JhCC)165
040 ## - CATALOGING SOURCE
Original cataloging agency BD-JhCC
Modifying agency BD-JhCC
041 ## - LANGUAGE CODE
Language code of Book ben
082 ## - DEWEY DECIMAL CLASSIFICATION NUMBER
Classification number 891.4
Author mark and Year IQB 2014
100 ## - MAIN ENTRY--PERSONAL NAME
Personal name ইকবাল, মুহম্মদ জাফর
245 ## - TITLE STATEMENT
Title বিবর্ণ তুষার /
Statement of responsibility, etc মুহম্মদ জাফর ইকবাল
260 ## - PUBLICATION, DISTRIBUTION, ETC. (IMPRINT)
Place of publication, distribution, etc ঢাকা :
Name of publisher, distributor, etc প্রতীক প্রকাশনা;
Date of publication, distribution, etc 2014
300 ## - PHYSICAL DESCRIPTION
Pagination 86p. ;
Dimensions 22cm.
650 ## - SUBJECT ADDED ENTRY--TOPICAL TERM
Topical term or geographic name as entry element Bangali Fiction
942 ## - ADDED ENTRY ELEMENTS (KOHA)
Source of classification or shelving scheme Dewey Decimal Classification
Koha item type Books
Koha issues (borrowed), all copies 9
Holdings
Source of classification or shelving scheme Damaged status Not for loan Home library Current library Shelving location Date of accession Source of acquisition Cost, normal purchase price Total Checkouts Full call number Barcode Date last seen Date checked out Copy number Koha item type
Dewey Decimal Classification     JCC Rouf Library JCC Rouf Library General Stacks 01/10/2017 IPDC 120.00 4 891.4 IQB 2014 1389 11/07/2023 10/31/2023 C-1 Books
Dewey Decimal Classification     JCC Rouf Library JCC Rouf Library General Stacks 03/09/2021 Lt. Gen. Mahfuzur Rahman (10th intake) 113.00 5 891.4 IQB 2019 16443 10/28/2024 10/21/2024 C-2 Books

JCC Library | Contacts | JCC Home

Last Update on 23 September 2017
Copyright @ 2017-2020 JCC Rouf Library
Rouf Library, Jhenidah Cadet College (JCC), Bangladesh